Online
Catalog

The call of the whippoorwill / (Record no. 18504)

MARC details
000 -CABECERA
campo de control de longitud fija 00974cam a2200265 4500
001 - NÚMERO DE CONTROL
campo de control 000018986
005 - FECHA Y HORA DE LA ÚLTIMA TRANSACCIÓN
campo de control 20200929165908.0
008 - DATOS DE LONGITUD FIJA--INFORMACIÓN GENERAL
campo de control de longitud fija 740421s1972 onc 000 0 eng
020 ## - NÚMERO INTERNACIONAL ESTÁNDAR DEL LIBRO
Número Internacional Estándar del Libro 0887706983
040 ## - FUENTE DE LA CATALOGACIÓN
Centro catalogador/agencia de origen DO-SdBNP
Lengua de catalogación spa
Centro/agencia transcriptor BNPHU
082 ## - NÚMERO DE LA CLASIFICACIÓN DECIMAL DEWEY
Número de clasificación 812.5
Número de documento/Ítem D864c
100 1# - ENTRADA PRINCIPAL--NOMBRE DE PERSONA
Nombre de persona Dufresne, Guy,
Fechas asociadas al nombre 1915-
9 (RLIN) 40854
240 10 - TÍTULO UNIFORME
Título uniforme Cri de l'engoulevent.
Lenguaje de la obra English
245 14 - MENCIÓN DE TÍTULO
Título The call of the whippoorwill /
Mención de responsabilidad, etc. Guy Dufresne ; traducción Philip London , Laurence Berard ; introducción Alain Pontaut.
260 ## - PUBLICACIÓN, DISTRIBUCIÓN, ETC.
Lugar de publicación, distribución, etc. Toronto :
Nombre del editor, distribuidor, etc. New Press,
Fecha de publicación, distribución, etc. 1972.
300 ## - DESCRIPCIÓN FÍSICA
Extensión xiii, 102 p. ;
Dimensiones 21 cm.
490 1# - MENCIÓN DE SERIE
Mención de serie New drama ;
Designación de volumen o secuencia 6
500 ## - NOTA GENERAL
Nota general Incluye bibliografía p. [xi].
500 ## - NOTA GENERAL
Nota general Incluye cronología de obras de teatro y trabaja para la radio y la televisión p. [xii-xiii].
650 #4 - PUNTO DE ACCESO ADICIONAL DE MATERIA--TÉRMINO DE MATERIA
Término de materia o nombre geográfico como elemento de entrada Teatro estadounidense
9 (RLIN) 4929
650 #4 - PUNTO DE ACCESO ADICIONAL DE MATERIA--TÉRMINO DE MATERIA
Término de materia o nombre geográfico como elemento de entrada Literatura estadounidense
9 (RLIN) 263
700 1# - PUNTO DE ACCESO ADICIONAL--NOMBRE DE PERSONA
Nombre de persona London, Philip,
Término indicativo de función/relación tr.
9 (RLIN) 40855
700 1# - PUNTO DE ACCESO ADICIONAL--NOMBRE DE PERSONA
Nombre de persona Berard, Laurence,
Término indicativo de función/relación tr.
9 (RLIN) 40856
700 1# - PUNTO DE ACCESO ADICIONAL--NOMBRE DE PERSONA
Nombre de persona Pontaut, Alain
9 (RLIN) 40857
Holdings
Estado de retiro Estado de pérdida Restricciones de uso No para préstamo Código de colección Localización permanente Ubicación/localización actual Ubicación en estantería Fecha de adquisición Número de inventario Total de préstamos Signatura topográfica completa Código de barras Fecha visto por última vez Precio válido a partir de Tipo de ítem Koha Número de copia
      Excluido de préstamo Monografías: Libros y Folletos General General Depósito 21.05.2010 LF1   812.5 D864c 18986-10 25.06.2020 25.06.2020 No se presta  
  Extraviado   Excluido de préstamo Monografías: Libros y Folletos General General Extraviado 29.05.2017 LF1   812.5 D864c 18986-20 25.06.2020 25.06.2020 No se presta e. 2

Powered by Koha